[Event "Titled Tue 1st Jul Late"]
[Site "chess.com INT"]
[Date "2025.07.01"]
[Round "6"]
[White "Stojanovski, Sandi"]
[Black "Bouska, Jiri"]
[Result "1/2-1/2"]
[WhiteTitle "FM"]
[BlackTitle "FM"]
[WhiteElo "2169"]
[BlackElo "2318"]
[WhiteFideId "1403249"]
[BlackFideId "23722223"]
[EventDate "2025.07.01"]

1. d3 d5 2. Nf3 Nf6 3. g3 e6 4. Bg2 Be7 5. O-O c5 6. c4 Nc6 7. Bf4 O-O 8. Ne5
Nxe5 9. Bxe5 Bd7 10. Nc3 Bc6 11. Rc1 Rc8 12. Qb3 dxc4 13. dxc4 Bxg2 14. Kxg2 Qd7
15. Qb5 a6 16. Qxd7 Nxd7 17. Bf4 Rfd8 18. Rfd1 Nf6 19. Na4 Rxd1 20. Rxd1 b5 21.
Nb6 Rd8 22. Rxd8+ Bxd8 23. cxb5 Bxb6 24. bxa6 Nd5 25. Bb8 Bd8 26. a7 Nb6 27. b3
Na8 28. Kf3 Bb6 29. Ke4 Kf8 30. Kd3 Ke7 31. Kc4 Kd7 32. Kb5 c4 33. bxc4 Bxf2 34.
c5 Bg1 35. h3 Bf2 36. g4 f5 37. gxf5 exf5 38. c6+ Kc8 39. Kc4 Nb6+ 40. Kb5 g5
41. Be5 Na8 42. Kc4 Bxa7 43. Kd5 g4 44. hxg4 fxg4 45. Ke4 h5 46. Bg3 Bb8 47. Be1
Nb6 48. Kf5 g3 49. Kg5 g2 50. Bf2 Nd5 51. Kxh5 Bh2 52. Kg4 g1=Q+ 53. Bxg1 Bxg1
54. Kf3 Kc7 55. Ke4 Ne7 56. e3 Nxc6 57. Kd3 Bh2 58. Ke2 Be5 59. Kf3 Kd6 60. Ke4
Ke6 61. Kd3 Kd5 62. a4 Kc5 63. Ke4 Kb4 64. Kd5 Nd4 65. exd4 Bxd4 66. Kxd4 Ka5
67. Kc4 Ka6 68. Kd3 Ka7 69. Kc2 Ka8 70. Kb3 Kb8 71. Kb4 Ka8 72. Kb5 Kb8 73. Kb6
Ka8 74. a5 Kb8 75. a6 Ka8 76. a7 1/2-1/2

[Event "Titled Tue 1st Jul Late"]
[Site "chess.com INT"]
[Date "2025.07.01"]
[Round "6"]
[White "Baches Garcia, Guillermo"]
[Black "Karas, Eugenia"]
[Result "1/2-1/2"]
[WhiteTitle "IM"]
[BlackTitle "WFM"]
[WhiteElo "2305"]
[BlackElo "2124"]
[WhiteFideId "2209764"]
[BlackFideId "463485"]
[EventDate "2025.07.01"]

1. e4 c5 2. Nf3 d6 3. d4 cxd4 4. Qxd4 a6 5. c4 Bg4 6. Be2 Nc6 7. Qe3 Nf6 8. Nc3
g6 9. O-O Bg7 10. Rd1 Bxf3 11. Bxf3 O-O 12. b3 Nd7 13. Bb2 Nde5 14. Be2 Rc8 15.
Rac1 Nd7 16. Ba1 Nc5 17. f4 Ne6 18. Nd5 Bxa1 19. Rxa1 a5 20. e5 Nb4 21. exd6
exd6 22. Rd2 Nxd5 23. Rxd5 Qf6 24. Rf1 Nc5 25. f5 Rfe8 26. Qd2 Ne4 27. Qd3 Nc3
28. fxg6 Qxg6 29. Qxc3 Rxe2 30. Qf3 Rce8 31. Rf5 R8e3 32. Qxb7 Re4 33. Qxf7+
Qxf7 34. Rxf7 Rxa2 35. R7f2 Ra3 36. Rf3 Re2 37. Rd1 Raa2 38. Rg3+ Kf7 39. h3 Ke7
40. Kh1 Rab2 41. Rdd3 Rb1+ 42. Kh2 Ree1 43. Rge3+ Rxe3 44. Rxe3+ Kf6 45. Kg3 Kf5
46. Rd3 Ke5 47. Rd5+ Ke4 48. Rxa5 Rxb3+ 49. Kf2 Rc3 50. Rd5 Rxc4 51. Rxd6 Rc2+
52. Kg3 Kf5 53. Rh6 Rc3+ 54. Kh4 Rc7 55. g4+ Kf4 56. Rf6+ Ke5 57. Rf5+ Ke6 58.
Kg5 Re7 59. Kh6 Rc7 60. Rf3 Rb7 61. g5 Ra7 62. h4 Rb7 63. h5 Ra7 64. g6 hxg6 65.
hxg6 Ra1 66. g7 Rh1+ 67. Kg6 Rg1+ 68. Kh6 Rh1+ 69. Kg5 Rg1+ 70. Kh6 Rh1+ 1/2-1/2

[Event "Titled Tue 1st Jul Late"]
[Site "chess.com INT"]
[Date "2025.07.01"]
[Round "6"]
[White "Carlsen, Magnus"]
[Black "Vetokhin, Savva"]
[Result "1/2-1/2"]
[WhiteTitle "GM"]
[BlackTitle "GM"]
[WhiteElo "2837"]
[BlackElo "2570"]
[WhiteFideId "1503014"]
[BlackFideId "44144474"]
[EventDate "2025.07.01"]

1. c4 e6 2. g3 d5 3. Bg2 Nf6 4. Nf3 dxc4 5. Qa4+ Nbd7 6. O-O a6 7. Qxc4 b5 8.
Qc2 Bb7 9. a4 Be7 10. d3 O-O 11. Nc3 Rb8 12. Be3 Nd5 13. Nxd5 Bxd5 14. axb5 axb5
15. Nd4 Bxg2 16. Kxg2 Ne5 17. Nb3 Qd5+ 18. f3 Rfc8 19. Ba7 Ra8 20. Bc5 Bxc5 21.
Qxc5 Qxb3 22. Qxe5 c5 23. Rxa8 Rxa8 24. Ra1 Rf8 25. Ra3 Qb4 26. Qc3 Qxc3 27.
Rxc3 Rc8 28. b4 c4 29. dxc4 bxc4 30. Kf2 Kf8 31. Ke3 Ke7 32. Kd4 Ra8 33. Kxc4
Ra2 34. Re3 Kd6 35. Kb5 Rb2 36. g4 g5 37. h3 h6 38. Rd3+ Kc7 39. e4 Rh2 40. Rc3+
Kb7 41. Kc5 Rxh3 42. Kd6 h5 43. Rc7+ Kb6 44. Rxf7 hxg4 45. fxg4 Rg3 46. Rg7 Rxg4
47. e5 Rxb4 48. Rxg5 Re4 49. Kxe6 Kc7 50. Rg7+ Kd8 51. Rg8+ Kc7 52. Rh8 Re1 53.
Rh7+ Kd8 54. Rh8+ Kc7 55. Re8 Rh1 56. Kf7 Rh7+ 57. Kg6 Rh1 58. e6 Kd6 59. Kf6
Rf1+ 60. Kg7 Rf2 61. Ra8 Kxe6 62. Ra6+ Ke7 63. Ra7+ Ke6 64. Ra6+ Ke7 65. Ra7+
Ke6 66. Ra6+ 1/2-1/2

[Event "Titled Tue 1st Jul Late"]
[Site "chess.com INT"]
[Date "2025.07.01"]
[Round "6"]
[White "Herpai, Jozsef Matyas"]
[Black "Fernandes, Rogerio Paulo Muller"]
[Result "0-1"]
[WhiteTitle "CM"]
[WhiteElo "2056"]
[BlackElo "2241"]
[WhiteFideId "786179"]
[BlackFideId "2101599"]
[EventDate "2025.07.01"]

1. e4 e6 2. d4 d5 3. Nc3 Bb4 4. exd5 exd5 5. Bd3 Ne7 6. Nf3 Bf5 7. O-O O-O 8.
Ne2 Nbc6 9. c3 Bd6 10. Ng3 Bxd3 11. Qxd3 Qd7 12. Re1 Rfe8 13. Bg5 f6 14. Bd2 a6
15. Re2 Ng6 16. Rae1 Rxe2 17. Qxe2 Kf7 18. Qd3 Re8 19. Rxe8 Qxe8 20. Nf5 Qe6 21.
g3 Nce7 22. Nxd6+ Qxd6 23. h4 h5 24. Kg2 Qe6 25. Ng1 Nf5 26. Nf3 c6 27. b3 Nd6
28. Be3 b5 29. a4 bxa4 30. bxa4 Nc4 31. Nd2 Nxd2 32. Bxd2 Qe4+ 33. Qxe4 dxe4 34.
Kf1 Ke6 35. c4 Ne7 36. Ke2 Nf5 37. Bc3 g6 38. Bb2 g5 39. hxg5 fxg5 40. Bc3 h4
41. gxh4 gxh4 42. Kf1 Nd6 43. c5 Nf5 44. Kg2 Kd5 45. Kh3 Nxd4 46. Kxh4 Kxc5 47.
Kg4 Kd5 48. Bd2 Nf3 49. Be3 c5 50. Kf4 c4 51. Bc1 Kd4 52. Be3+ Kd3 53. Bc1 c3
54. Be3 c2 55. Bc1 Nd4 56. Bb2 Ne2+ 57. Ke5 c1=Q 58. Bxc1 Nxc1 59. Kf4 Ne2+ 60.
Ke5 Nc3 61. a5 Nd1 62. f4 e3 63. f5 e2 64. f6 e1=Q+ 65. Kd6 Qf2 66. Ke7 Ne3 67.
f7 Nd5+ 68. Ke6 Kc4 69. Ke5 Qxf7 70. Kd6 Qc7+ 71. Ke6 Qxa5 72. Kd6 Qc5+ 73. Kd7
Nb4 74. Ke8 Qa7 75. Kd8 Kd5 76. Kc8 Kc6 0-1

[Event "Titled Tue 1st Jul Late"]
[Site "chess.com INT"]
[Date "2025.07.01"]
[Round "6"]
[White "Donoso Aguirre, Maximiliano"]
[Black "Linares Orellana, Hector Jose"]
[Result "0-1"]
[WhiteTitle "CM"]
[BlackTitle "FM"]
[WhiteElo "2050"]
[BlackElo "2111"]
[WhiteFideId "3458920"]
[BlackFideId "7304307"]
[EventDate "2025.07.01"]

1. e4 c5 2. c3 d5 3. exd5 Qxd5 4. d4 g6 5. Nf3 Bg7 6. Nbd2 cxd4 7. Bc4 Qa5 8.
cxd4 Nf6 9. O-O O-O 10. Qb3 Qc7 11. Ne5 e6 12. Ndf3 a5 13. h3 b6 14. Bf4 Qd8 15.
Rad1 Bb7 16. Rfe1 Bd5 17. Bxd5 Nxd5 18. Qb5 Nxf4 19. Nc4 Nd7 20. Ne3 Nf6 21. g3
N4d5 22. Nc4 Qe8 23. Qb3 Rb8 24. Nfe5 Nd7 25. Nc6 Rc8 26. Nd6 Nc5 27. Nxe8 Nxb3
28. Nxg7 Rxc6 29. Nxe6 fxe6 30. axb3 Rd6 31. Rc1 Rfd8 32. Re4 Nf6 33. Rf4 Kg7
34. Rc7+ R8d7 35. Rc8 Rxd4 36. Rf3 Rb4 37. Rc6 Re7 38. Rd3 Nd5 39. Rd6 Kf7 40.
Kg2 a4 41. bxa4 Rxb2 42. Rf3+ Kg7 43. Rd8 Ra2 44. Ra8 b5 45. a5 b4 46. a6 Nc7
47. Rb8 Nxa6 48. Rb6 Nc5 49. Rxb4 Ra6 50. Rc4 Rc6 51. Rfc3 Rec7 52. Kf3 Kf6 53.
Ke3 Ke7 54. Ke2 e5 55. f4 exf4 56. Rxf4 Re6+ 57. Kf3 Rcc6 58. Rfc4 Re5 59. Rh4
h5 60. Rf4 Rf5 61. Rxf5 gxf5 62. g4 hxg4+ 63. hxg4 fxg4+ 64. Kxg4 Kd6 65. Kf3
Ne6 66. Re3 Rc7 67. Rd3+ Ke7 68. Re3 Rc4 69. Rd3 Kf6 70. Ke3 Rh4 71. Rd5 Rh3+
72. Ke2 Nf4+ 0-1

[Event "Titled Tue 1st Jul Late"]
[Site "chess.com INT"]
[Date "2025.07.01"]
[Round "6"]
[White "Terkiewicz, Bruno"]
[Black "Toktomushev, Teimur"]
[Result "1-0"]
[WhiteTitle "CM"]
[BlackTitle "FM"]
[WhiteElo "2183"]
[BlackElo "2390"]
[WhiteFideId "21093245"]
[BlackFideId "14176726"]
[EventDate "2025.07.01"]

1. e4 c5 2. Nf3 e6 3. g3 d5 4. exd5 exd5 5. Bg2 Nc6 6. O-O Nf6 7. d4 cxd4 8.
Nxd4 Be7 9. Nc3 O-O 10. Bg5 h6 11. Be3 Bg4 12. Qd2 Ne5 13. b3 Rc8 14. Nce2 Ne4
15. Qe1 Bd7 16. c4 Ng4 17. cxd5 Nxe3 18. fxe3 Nd6 19. Qd2 Re8 20. Rae1 Bf6 21.
Nf4 Qb6 22. Kh1 Re7 23. Nh5 Bxd4 24. exd4 Rxe1 25. Rxe1 Re8 26. Re5 f6 27. Rxe8+
Bxe8 28. Nf4 Bf7 29. Ne6 Nf5 30. Nc5 Qc7 31. Be4 Nd6 32. Bf3 b6 33. Ne6 Qc8 34.
Qf4 Bxe6 35. Qxd6 Bh3 36. Qc6 Qd7 37. d6 Kh7 38. Be4+ Kg8 39. Qa8+ Kf7 40. Qd5+
Be6 41. Qc6 Qxc6 42. Bxc6 Bf5 43. Kg2 Ke6 44. d7 Ke7 45. Kf3 Bxd7 46. Bd5 Bf5
47. Kf4 Bb1 48. b4 a5 49. bxa5 bxa5 50. Bb3 Kd6 51. Bc4 Bc2 52. h4 g5+ 53. hxg5
fxg5+ 54. Kg4 Bd1+ 55. Kf5 Bc2+ 56. Kf6 a4 57. a3 Kc6 58. Ke6 Bb3 59. d5+ Kc5
60. Bxb3 axb3 61. d6 b2 62. d7 b1=Q 63. d8=Q Qb3+ 64. Kf6 Qxg3 65. Qc8+ Kb5 66.
Qb7+ Ka4 67. Qa6+ Kb3 68. Kg6 Qh4 69. a4 Qxa4 70. Qd3+ Ka2 71. Qd2+ Ka1 72. Kxh6
Qh4+ 73. Kg6 g4 74. Qc3+ Kb1 75. Qc4 Qh3 76. Qb4+ Kc2 77. Qe4+ Qd3 78. Kf5 1-0

[Event "Titled Tue 1st Jul Late"]
[Site "chess.com INT"]
[Date "2025.07.01"]
[Round "6"]
[White "Cruz Mendez, Jean Marco"]
[Black "Frischmann, Rick"]
[Result "0-1"]
[WhiteTitle "FM"]
[BlackTitle "FM"]
[WhiteElo "2222"]
[BlackElo "2355"]
[WhiteFideId "3526402"]
[BlackFideId "24660752"]
[EventDate "2025.07.01"]

1. d4 d5 2. Nf3 Nc6 3. Bf4 Bg4 4. e3 e6 5. c4 Bb4+ 6. Nc3 Nf6 7. Be2 O-O 8. O-O
dxc4 9. Bxc4 Nd5 10. Nxd5 exd5 11. Bd3 h6 12. h3 Be6 13. Rc1 Bd6 14. Bxd6 Qxd6
15. Qb3 Rab8 16. Rc5 Ne7 17. Rfc1 c6 18. Ne5 f6 19. Nf3 Nc8 20. Qc2 Bd7 21. a4
b6 22. Rc3 a5 23. Bh7+ Kh8 24. Bf5 Be8 25. Bg6 Bd7 26. Nh4 Ne7 27. Qe2 f5 28.
Bh5 g6 29. Bxg6 Nxg6 30. Qh5 Nxh4 31. Qxh4 Qf6 32. Qh5 Rg8 33. Qf3 Rg6 34. Kh2
Rbg8 35. g3 Qd6 36. Rb3 Qb8 37. Rcc3 Rg5 38. Rc2 h5 39. h4 Rg4 40. Kh1 f4 41.
exf4 Bf5 42. Re2 Re8 43. Rbe3 Rxe3 44. Rxe3 Be4 45. Rxe4 dxe4 46. Qxe4 Qc7 47.
Qe8+ Kg7 48. Qxh5 Qd7 49. Qe5+ Kh7 50. Kg2 Rg6 51. f3 Qd5 52. Qe7+ Rg7 53. Qe8
Qf5 54. g4 Qxf4 55. h5 Qf6 56. Qe4+ Kh6 57. Kh3 Qg5 58. Qxc6+ Kh7 59. Qe4+ Kg8
60. d5 Rf7 61. Qe8+ Kg7 62. Qe4 Qf6 63. Kg3 Qd6+ 64. Kg2 Rd7 65. Qd4+ Kg8 66.
Qe4 Qxd5 67. Qe8+ Kg7 68. Qg6+ Kh8 69. Qe8+ Kg7 70. Qg6+ Kf8 71. Qf6+ Ke8 72.
Qh8+ Ke7 73. Qg7+ Kd6 74. Qf6+ Kc7 75. Qc3+ Kb7 76. Qf6 Rf7 77. Qc3 Qd6 78. Qe3
Re7 79. Qg5 Re2+ 80. Kh3 Qh2# 0-1

[Event "Titled Tue 1st Jul Late"]
[Site "chess.com INT"]
[Date "2025.07.01"]
[Round "6"]
[White "Soza de la Carrera, Jose"]
[Black "Vijayakumar, Rishi"]
[Result "1/2-1/2"]
[WhiteTitle "CM"]
[BlackTitle "FM"]
[WhiteElo "2221"]
[BlackElo "2333"]
[WhiteFideId "3401278"]
[BlackFideId "2408953"]
[EventDate "2025.07.01"]

1. d4 Nf6 2. c4 e6 3. g3 d5 4. Nf3 Be7 5. Bg2 O-O 6. O-O dxc4 7. Qc2 b6 8. Qxc4
Bb7 9. Nc3 Nbd7 10. Rd1 c5 11. dxc5 Bxc5 12. b4 Bxf2+ 13. Kxf2 Rc8 14. Qd4 Rxc3
15. Kg1 Rc8 16. Bb2 Qe7 17. g4 h6 18. h4 e5 19. Nxe5 Nxe5 20. Qxe5 Qxe5 21. Bxe5
Bxg2 22. Bxf6 Bh3 23. Be7 Rfe8 24. Rd7 a6 25. Ra7 Bxg4 26. Kf2 Rc2 27. Kg3 Bxe2
28. a4 Bc4 29. Re1 Rc3+ 30. Kf2 Rd3 31. a5 bxa5 32. bxa5 Bb5 33. Re5 Rd2+ 34.
Kg3 Rd3+ 35. Kf2 f6 36. Rc5 Rd7 37. Rxd7 Bxd7 38. Bd6 Bb5 39. Rc7 Re6 40. Bc5
Re5 41. Rc8+ Kf7 42. Rc7+ Kg6 43. Bd4 Rd5 44. Be3 h5 45. Bc5 Rf5+ 46. Kg3 Rd5
47. Bf8 Rd7 48. Rxd7 Bxd7 49. Kf4 Kf7 50. Bb4 g6 51. Bc3 Be6 52. Bd4 Bd5 53. Bc3
Ke6 54. Bd4 Bc6 55. Bc3 Bg2 56. Bb2 Bh3 57. Bc3 Bg4 58. Bb2 Bf5 59. Bc3 Bd3 60.
Bb2 Bb5 61. Bc3 Be8 62. Bb2 Bf7 63. Bc3 Bg8 64. Bb2 Bh7 65. Bc3 Ke7 66. Bb2 Bg8
67. Bc3 Kf7 68. Bb2 Kg7 69. Bc1 Bb3 70. Bd2 Ba4 71. Bc3 Bb5 72. Bb2 Bc6 73. Bc3
Bd7 74. Bb2 Bc8 75. Bc3 Bb7 76. Bb2 Ba8 77. Bc3 Bd5 78. Bb2 Bg8 79. Bc3 Bf7 80.
Bb2 Be6 81. Bc3 Bg8 82. Bb2 Ba2 83. Bc3 Bb1 84. Bb2 Bc2 85. Bc3 Ba4 86. Bb2 Bb5
87. Bc3 Bc4 88. Bb2 Bb5 89. Bc3 Bf1 90. Bb2 Bg2 91. Bc3 Bh1 92. Bb2 Bg2 93. Bc3
Bh3 94. Bb2 Be6 95. Bc3 Bd7 96. Bb2 Kf7 97. Bc3 Be8 98. Bb2 Kg7 99. Bc3 Ba4 100.
Bb2 Kf7 1/2-1/2

[Event "Titled Tue 1st Jul Late"]
[Site "chess.com INT"]
[Date "2025.07.01"]
[Round "6"]
[White "Antoniou, Rafail"]
[Black "Estrada Nieto, Julian"]
[Result "0-1"]
[WhiteTitle "CM"]
[BlackTitle "IM"]
[WhiteElo "2134"]
[BlackElo "2181"]
[WhiteFideId "5904390"]
[BlackFideId "5101018"]
[EventDate "2025.07.01"]

1. e4 e5 2. Nf3 Nc6 3. Nc3 Nf6 4. d4 exd4 5. Nxd4 Bb4 6. Nxc6 bxc6 7. Bd3 d5 8.
exd5 O-O 9. O-O cxd5 10. h3 c6 11. Qf3 Bd6 12. Bf4 Be6 13. Rfe1 Qb8 14. Bxd6
Qxd6 15. b3 Rfe8 16. Na4 c5 17. Rad1 Bd7 18. Nc3 Re5 19. Rxe5 Qxe5 20. Nxd5 Nxd5
21. Be4 Nc3 22. Bxa8 Nxd1 23. Qxd1 Qe7 24. Bf3 g6 25. c4 h5 26. Qe2 Qf6 27. Bd5
Kg7 28. Qe3 Qd6 29. f4 Kf6 30. Qc3+ Ke7 31. Qe5+ Qxe5 32. fxe5 h4 33. Kf2 Bf5
34. a3 a5 35. Ke3 Bc2 36. Kf4 f6 37. Be4 Bxb3 38. Bxg6 Bxc4 39. Be4 Be6 40.
exf6+ Kxf6 41. Bf3 Bd7 42. Be4 c4 43. Bf3 c3 44. Ke3 Bf5 45. Be2 Ke5 46. Bf3 c2
47. Kd2 Kf4 48. Bd5 Kg3 49. Bc6 Be6 50. Be4 Bb3 51. Kc1 Kf2 52. Kb2 Ba4 53. Kc1
Bb3 54. Bf3 a4 55. Be4 Kg3 56. Bf3 Kf4 57. Bc6 Ke3 58. Bf3 Kd4 59. Bg4 Kc3 60.
Bf3 Bc4 61. Be4 Bd3 62. Bf3 Bf5 63. Bd5 Kd4 64. Bc6 Kc3 65. Bf3 Be6 66. Bc6 Bf5
67. Bf3 Kb3 68. Bd5+ Kxa3 69. Bc6 Kb4 70. Bd5 a3 71. Ba2 Be4 72. Be6 Kc3 73. Bf7
Bxg2 74. Ba2 Bxh3 75. Be6 Bg2 76. Bd5 h3 77. Bxg2 a2 78. Bxh3 a1=Q# 0-1

[Event "Titled Tue 1st Jul Late"]
[Site "chess.com INT"]
[Date "2025.07.01"]
[Round "6"]
[White "Baker, Aidan"]
[Black "Ryabukhin, Roman"]
[Result "1/2-1/2"]
[BlackTitle "CM"]
[WhiteElo "2130"]
[BlackElo "2236"]
[WhiteFideId "30981565"]
[BlackFideId "24257893"]
[EventDate "2025.07.01"]

1. e4 c5 2. Nf3 Nc6 3. Bb5 e5 4. O-O Nge7 5. c3 g6 6. d4 cxd4 7. cxd4 exd4 8.
Nxd4 Bg7 9. Be3 O-O 10. Nc3 d5 11. exd5 Nxd5 12. Nxc6 bxc6 13. Bxc6 Nxe3 14.
Qxd8 Rxd8 15. fxe3 Rb8 16. Bd5 Rxb2 17. Bxf7+ Kh8 18. Rad1 Rxd1 19. Nxd1 Rd2 20.
Bb3 Ba6 21. Re1 Be5 22. Nf2 Bxh2+ 23. Kxh2 Rxf2 24. Rd1 Bb5 25. Rd5 Bc6 26. Rg5
Kg7 27. Kg1 Re2 28. Ra5 Rxg2+ 29. Kf1 Rg3 30. Rxa7+ Kh6 31. Rc7 Be4 32. Kf2 Rg2+
33. Kf1 Rd2 34. Re7 Bd3+ 35. Ke1 Rg2 36. Bg8 Kg5 37. Bxh7 Rxa2 38. Bg8 Rb2 39.
Bf7 Bf5 40. Bd5 Rb5 41. e4 Rc5 42. exf5 Rxd5 43. fxg6 Kf6 44. Re2 Rg5 45. Rf2+
Kxg6 46. Kf1 Re5 47. Rg2+ Kf5 48. Rf2+ Kg4 49. Kg2 Rh5 50. Ra2 Rb5 51. Ra4+ Kg5
52. Ra2 Rb3 53. Ra5+ Kf4 54. Ra4+ Ke3 55. Ra2 Rc3 56. Rf2 Rc8 57. Rf3+ Ke2 58.
Rf2+ Ke3 59. Rf3+ Ke4 60. Rg3 Rc2+ 61. Kh3 Kf4 62. Rg4+ Kf3 63. Rg3+ Kf4 64.
Rg4+ Kf5 65. Rg3 Rc8 66. Rf3+ Ke4 67. Ra3 Rh8+ 68. Kg3 Rg8+ 69. Kf2 Rh8 70. Ra4+
Kd3 71. Ra3+ Kd2 72. Rg3 Rf8+ 73. Rf3 Rh8 74. Rg3 Rh7 75. Kg2 Ke2 76. Rg4 Rh8
77. Rg7 Rf8 78. Re7+ Kd3 79. Rd7+ Ke4 80. Re7+ Kf4 81. Rg7 Ra8 82. Rg3 Ra2+ 83.
Kh3 Ra1 84. Rg4+ Kf3 85. Rg3+ Kf2 86. Rg2+ Kf3 87. Rg3+ Kf4 88. Rg4+ Kf5 89. Rg2
Rh1+ 90. Kg3 Rh7 91. Kf3 Rh3+ 92. Rg3 Rh4 93. Rg8 Rf4+ 94. Kg3 Ra4 95. Rf8+ Kg5 1/2-1/2

[Event "Titled Tue 1st Jul Late"]
[Site "chess.com INT"]
[Date "2025.07.01"]
[Round "6"]
[White "Jimenez Almeida, Luis David"]
[Black "Arakelyan, Manvel"]
[Result "0-1"]
[WhiteTitle "FM"]
[BlackTitle "FM"]
[WhiteElo "2188"]
[BlackElo "2326"]
[WhiteFideId "22242244"]
[BlackFideId "13317415"]
[EventDate "2025.07.01"]

1. e4 c5 2. Nc3 Nc6 3. g3 g6 4. Bg2 Bg7 5. d3 d6 6. Be3 e6 7. Qd2 Nd4 8. Nge2
Ne7 9. O-O O-O 10. Nd1 Rb8 11. Nc1 b5 12. c3 Ndc6 13. Bh6 b4 14. Bxg7 Kxg7 15.
Ne3 bxc3 16. bxc3 Ba6 17. Ng4 f5 18. exf5 exf5 19. Ne3 Ne5 20. Re1 Qd7 21. d4
cxd4 22. cxd4 Nc4 23. Nxc4 Bxc4 24. d5 Kg8 25. Ne2 Bxe2 26. Rxe2 Rfe8 27. Rae1
Kf7 28. Qh6 Kg8 29. Re6 Rbd8 30. h4 Nc8 31. h5 Rxe6 32. Rxe6 gxh5 33. Qxh5 Rf8
34. Bh3 Qf7 35. Qg5+ Kh8 36. Qe3 f4 37. gxf4 Qg7+ 38. Kh2 Rg8 39. Qg3 Qd4 40.
Qf3 Qg7 41. Re1 Nb6 42. Be6 Rf8 43. Rg1 Qh6+ 44. Kg2 Rxf4 45. Qc3+ Qg7+ 46.
Qxg7+ Kxg7 47. Rc1 Kf6 48. Rc7 Ra4 49. Rxh7 Rxa2 50. Kg3 Ra5 51. Rh5 Nc4 52. f4
Ra3+ 53. Kg4 Ne3+ 54. Kf3 Nxd5+ 55. Ke4 Kxe6 56. Rh6+ Nf6+ 57. Kd4 Ra4+ 58. Kc3
Rxf4 59. Kb3 Ke5 60. Rh7 d5 61. Rxa7 d4 62. Kc2 Rf2+ 63. Kd3 Rf3+ 64. Kd2 Ne4+
65. Ke2 Re3+ 66. Kd1 Nc3+ 67. Kd2 Nd5 68. Ra8 Rh3 69. Re8+ Kd6 70. Rd8+ Kc5 71.
Rc8+ Kb5 72. Rd8 Kc5 73. Rc8+ Kd6 74. Rd8+ Ke6 75. Re8+ Ne7 76. Rd8 Nf5 77. Re8+
Kf6 78. Rf8+ Ke5 79. Re8+ Kf4 80. Rf8 Ra3 81. Rf7 Ke4 82. Rf8 Ra2+ 83. Kd1 Ne3+
84. Ke1 Kd3 85. Rf2 Ra1# 0-1

[Event "Titled Tue 1st Jul Late"]
[Site "chess.com INT"]
[Date "2025.07.01"]
[Round "6"]
[White "Cieslak, Patryk"]
[Black "Manukyan, Sargis A."]
[Result "1-0"]
[WhiteTitle "FM"]
[BlackTitle "FM"]
[WhiteElo "2442"]
[BlackElo "2294"]
[WhiteFideId "21078882"]
[BlackFideId "13303970"]
[EventDate "2025.07.01"]

1. Nf3 d5 2. d4 Nf6 3. Bf4 e6 4. e3 b6 5. Bd3 Bb7 6. c3 Bd6 7. Nbd2 Bxf4 8. exf4
Nbd7 9. Ne5 c5 10. Bb5 O-O 11. Bxd7 Nxd7 12. Ndf3 cxd4 13. Nxd7 Qxd7 14. Qxd4
Rac8 15. O-O Rc4 16. Ne5 Rxd4 17. Nxd7 Rxf4 18. Nxf8 Kxf8 19. Rfe1 h5 20. Rad1
Ke7 21. Rd4 Rf6 22. f3 Rh6 23. Kf2 Rh8 24. a4 a5 25. Rc1 Rc8 26. h3 Bc6 27. b3
Bd7 28. c4 b5 29. axb5 Bxb5 30. Ra1 dxc4 31. Rxa5 c3 32. Ra1 c2 33. Rc1 Rc3 34.
Re4 Rxb3 35. Re3 Bd3 36. Ke1 Rb1 37. Kd2 Bh7 38. Re5 Bg6 39. Rc5 Rb7 40. Ke2 Rd7
41. Rc3 Rd5 42. g3 h4 43. g4 Rd4 44. Ra3 e5 45. Ra5 Kf6 46. Rg1 Bd3+ 47. Ke3 g5
48. Rc5 Bg6 49. Ra1 Rd1 50. Ra6+ Kg7 51. Rac6 Rh1 52. Kf2 Rxh3 53. Rxe5 Rh2+ 54.
Ke3 Rh1 55. Rec5 h3 56. Kf2 Rd1 57. Kg3 Rf1 58. Rc3 f6 59. Kxh3 Bf7 60. Rc7 Kg6
61. Kg2 Rd1 62. Rxc2 Rd4 63. R7c6 Rf4 64. R6c3 Bd5 65. Kg3 Kf7 66. Rd3 Be6 67.
Rc7+ Kg6 68. Rc6 Kf7 69. Rcd6 Ke7 70. R6d4 Rxd4 71. Rxd4 f5 72. gxf5 Bxf5 73.
Rd5 Kf6 74. Ra5 Be6 75. Ra6 Kf5 76. Kf2 Ke5 77. Ra5+ Bd5 78. Ke3 Kd6 79. Ra4 Ke5
80. Ra5 Kd6 81. Rb5 Ke5 82. Rb8 Kd6 83. Rb5 Ke5 84. Rc5 Kd6 85. Rc3 Ke5 86. Rc1
Kd6 87. Rg1 Ke5 88. Rxg5+ Ke6 89. Rxd5 Kxd5 90. Kf4 Ke6 91. Kg5 Kf7 92. Kf5 Kg7
93. Ke6 Kg6 94. f4 Kg7 95. f5 Kf8 96. Kf6 Ke8 1-0

[Event "Titled Tue 1st Jul Late"]
[Site "chess.com INT"]
[Date "2025.07.01"]
[Round "6"]
[White "Klys, Kacper"]
[Black "Pereyra, Horacio"]
[Result "1/2-1/2"]
[WhiteTitle "CM"]
[WhiteElo "2218"]
[BlackElo "2133"]
[WhiteFideId "21005281"]
[BlackFideId "113700"]
[EventDate "2025.07.01"]

1. d4 g6 2. e4 d6 3. Nc3 Nc6 4. Be3 Bg7 5. Nge2 e5 6. d5 Nce7 7. Qd2 f5 8. f3 f4
9. Bf2 Nf6 10. a4 O-O 11. Nb5 a6 12. Na3 Bd7 13. a5 g5 14. h3 h5 15. c4 Ng6 16.
Nc3 g4 17. b4 Qe7 18. c5 Nh7 19. Nc4 gxf3 20. gxf3 Nh4 21. Qe2 Ng5 22. Bxh4
Nxf3+ 23. Qxf3 Qxh4+ 24. Qf2 Qf6 25. cxd6 cxd6 26. Nb6 Rad8 27. O-O-O f3 28. Kb2
Be8 29. Bd3 Bh6 30. Rhg1+ Kh8 31. Rdf1 Bg6 32. Rg3 Bh7 33. Rxf3 Bf4 34. Qe2 Rf7
35. R3f2 Qh6 36. Qd1 Rdf8 37. Ne2 Bc1+ 38. Qxc1 Qxc1+ 39. Kxc1 Rxf2 40. Rxf2
Rxf2 41. Nc4 Rf6 42. Kd2 Kg7 43. Ng3 Bg6 44. Ke3 Kf8 45. Nf5 Bxf5 46. exf5 Ke7
47. Nd2 Rf8 48. Nf3 Rg8 49. Kf2 Rc8 50. Nd2 Rc3 51. Ke3 Rc1 52. Nf3 Rh1 53. h4
Kf6 54. Be4 Ra1 55. Bd3 Ra4 56. b5 Rxa5 57. bxa6 bxa6 58. Nd2 Rxd5 59. Ne4+ Ke7
60. Bxa6 Ra5 61. f6+ Kf8 62. Bc8 d5 63. Ng5 Ra3+ 64. Kf2 Ra7 65. Be6 d4 66. Bd5
Rd7 67. Ne6+ Ke8 68. Bc4 Rd6 69. Ng7+ Kf8 70. Nxh5 e4 71. Ke2 d3+ 72. Kd2 Rd4
73. Bb5 Rb4 74. Ba6 Rb2+ 75. Ke3 Re2+ 76. Kf4 Rh2 77. Kxe4 Rxh4+ 78. Kxd3 Rxh5
79. f7 Ra5 80. Bc4 Ra3+ 81. Kd4 Ra5 82. Ke4 Rh5 83. Kd4 Ke7 84. Bb3 Rh4+ 85. Kc3 1/2-1/2

[Event "Titled Tue 1st Jul Late"]
[Site "chess.com INT"]
[Date "2025.07.01"]
[Round "6"]
[White "Denisenko, Denis"]
[Black "Hobson, Kenneth"]
[Result "0-1"]
[WhiteTitle "CM"]
[BlackTitle "FM"]
[WhiteElo "1934"]
[BlackElo "2361"]
[WhiteFideId "4170652"]
[BlackFideId "480819"]
[EventDate "2025.07.01"]

1. e4 c5 2. d4 cxd4 3. Qxd4 Nc6 4. Qd3 Nf6 5. Nc3 e5 6. Bg5 Be7 7. Nf3 d6 8. Be2
Be6 9. O-O h6 10. Bxf6 Bxf6 11. Nd5 Bxd5 12. Qxd5 O-O 13. c3 Qb6 14. Qb3 Qc7 15.
Rfd1 Rfd8 16. Nd2 Ne7 17. Nf1 g6 18. Ne3 Kg7 19. Nd5 Nxd5 20. Rxd5 Be7 21. Rad1
a6 22. a4 Rac8 23. g3 h5 24. h4 a5 25. Bf1 b6 26. Bh3 Rb8 27. Bf1 f6 28. Bb5 g5
29. hxg5 fxg5 30. R5d3 Rf8 31. Qe6 Rf6 32. Qh3 h4 33. gxh4 Rh8 34. Rg3 Qc5 35.
Rxg5+ Kf7 36. Qg3 Rf4 37. Rg7+ Kf8 38. Rg4 Rxg4 39. Qxg4 Rg8 40. Qxg8+ Kxg8 41.
Kg2 Bxh4 42. Kf3 Qxf2+ 43. Kg4 Qg3+ 44. Kf5 Qg5+ 45. Ke6 Qf6+ 46. Kd5 Qf7+ 47.
Kxd6 Be7+ 48. Kc6 Qe6+ 49. Kb7 Bc5 50. Bc6 Kf8 51. Rd8+ Kg7 52. Rd7+ Kh6 53. Kc7
Qf6 54. Bd5 Qf2 55. b4 axb4 56. cxb4 Bxb4 57. Bc6 b5 58. axb5 Ba5+ 59. Kc8 Qf8+
60. Kb7 Qc5 61. Kc8 Qb6 62. Rd6+ Kg5 63. Rd7 Kf4 64. Rf7+ Ke3 65. Rd7 Qc5 66.
Rd5 Qf8+ 67. Kb7 Qe7+ 68. Rd7 Qc5 69. Kc8 Bb6 70. Kb7 Ke2 71. Kc8 Ba5 72. Kb7
Qb6+ 73. Kc8 Bb4 74. Rd5 Bc3 75. Rd7 Bd4 76. Rd5 Qa5 77. Rd7 Kd2 78. Kb7 Kc3 79.
Kc8 Kb4 80. Rd5 Qa7 81. Rd7 Qb6 82. Rb7 Qc5 83. Rd7 Ka5 84. Kb7 Qa7+ 85. Kc8 Qc5
86. Rb7 Qf8+ 87. Kd7 Bc5 88. Rc7 Qd6+ 89. Kc8 Bb6 90. Rd7 Qe6 91. Kb7 Qg8 92.
Rd1 Qf7+ 0-1